| 000 | 00886nam a22002177a 4500 | ||
|---|---|---|---|
| 005 | 20210325185634.0 | ||
| 008 | s2517 th tha d | ||
| 041 | _atha | ||
| 090 | _aอศ ท355ป 2517 | ||
| 245 | 1 | 0 | _aประชุมพงศาวดาร ภาคที่ 75 (ปราบเงี้ยว ตอนที่ 1) |
| 260 | 3 |
_aกรุงเทพมหานคร : _bโรงพิมพ์ไทยวัฒนาพานิช, _c2517 |
|
| 300 |
_a81 หน้า : _b ภาพประกอบ ; _c 26 ซม. |
||
| 650 | 0 | 4 | _aจดหมายเหตุ |
| 650 | 0 | 4 | _aทัพพสาธก์เสนา, พระยา -- ประวัติ |
| 650 | 0 | 4 | _aพงศาวดารไทย |
| 650 | 0 | 4 | _aเงี้ยว |
| 850 | _aNALT | ||
| 942 | _cCRE | ||
| 997 | _c000000000023483 | ||
| 998 | _aSAIPHON DEENGAM | ||
| 999 |
_c23483 _d23483 |
||